Normal view
MARC view
Entry Topical Term
001 - CONTROL NUMBER
- control field: 41785
003 - CONTROL NUMBER IDENTIFIER
- control field: ARRUPE
005 - DATE AND TIME OF LATEST TRANSACTION
- control field: 20180725110404.0
008 - FIXED-LENGTH DATA ELEMENTS
- fixed length control field: 180725|| aca||aabn | a|a d
040 ## - CATALOGING SOURCE
- Original cataloging agency: ARRUPE
- Transcribing agency: ARRUPE
150 ## - HEADING--TOPICAL TERM
- Topical term or geographic name as entry element: English language
- General subdivision: Grammar
- Form subdivision: Problems, exercises, etc.
670 ## - SOURCE DATA FOUND
- Source citation: Work cat.: (ARRUPE)0: Thomson, A. J. (Audrey Jean) 41783, A practical English grammar /, 1991, c1986.